000 00769nam a2200265Ia 4500
005 20260302114115.0
008 008 260114s9999 xx 000 0 eng d
020 _a9781350185302
037 _aTextbook
040 _aCRL
040 _beng
040 _cCRL
041 _2eng
041 _aeng
084 _qCRL
100 _aDavid Payne, Alexander Stagnell, and Gustav Strandberg
_91117777
245 0 _aPopulism and The People in Contemporary Critical Thought Politics, Philosophy, and Aesthetics
260 _bBloomsbury
260 _bBloomsbury Academic
260 _c2023
650 _aPhilosophy
856 _uhttps://doi.org/10.5040/9781350185302?locatt=label:secondary_bloomsburyCollections
942 _cEBOOK
999 _c1681364
_d1681364